<?xml version="1.0" encoding="UTF-8"?>
<collection xmlns="http://www.loc.gov/MARC21/slim">
 <record>
  <leader>00862cam a2200241 7i4500</leader>
  <controlfield tag="001">0000122788</controlfield>
  <controlfield tag="005">20141222090000.0</controlfield>
  <controlfield tag="008">141222s1991    my                  eng   </controlfield>
  <datafield tag="090" ind1="0" ind2="0">
   <subfield code="a">SH 135 </subfield>
   <subfield code="b">.E9 1991</subfield>
  </datafield>
  <datafield tag="245" ind1="0" ind2="2">
   <subfield code="a">An evaluation of the Malaysian aquaculture industry during the nep period (1971 - 1990) : </subfield>
   <subfield code="b">(executive summary)  </subfield>
   <subfield code="c">Universiti Pertanian Malaysia.</subfield>
  </datafield>
  <datafield tag="260" ind1="#" ind2="#">
   <subfield code="a">Malaysia: </subfield>
   <subfield code="b">Universiti Pertanian Malaysia, </subfield>
   <subfield code="c">1991.</subfield>
  </datafield>
  <datafield tag="300" ind1="#" ind2="#">
   <subfield code="a">v, 37 p.: </subfield>
   <subfield code="b">ill.; </subfield>
   <subfield code="c">30 cm..</subfield>
  </datafield>
  <datafield tag="650" ind1="0" ind2="0">
   <subfield code="a">Aquaqulture industry </subfield>
  </datafield>
  <datafield tag="650" ind1="0" ind2="0">
   <subfield code="a">Fisheries -- </subfield>
   <subfield code="z">Malay Peninsula </subfield>
  </datafield>
  <datafield tag="700" ind1="1" ind2="1">
   <subfield code="a">Tan Liong Tong </subfield>
  </datafield>
  <datafield tag="700" ind1="1" ind2="1">
   <subfield code="a">Ang Kok Jee </subfield>
  </datafield>
  <datafield tag="700" ind1="1" ind2="1">
   <subfield code="a">Nik Mustapha R. Abdullah </subfield>
  </datafield>
  <datafield tag="700" ind1="1" ind2="1">
   <subfield code="a">Ishak Haji Omar </subfield>
  </datafield>
  <datafield tag="700" ind1="1" ind2="1">
   <subfield code="a">Kusairi Mohd. Noh </subfield>
  </datafield>
  <datafield tag="700" ind1="1" ind2="1">
   <subfield code="a">Roslan A. Ghaffar </subfield>
  </datafield>
  <datafield tag="700" ind1="1" ind2="1">
   <subfield code="a">Mohamad Salleh </subfield>
  </datafield>
  <datafield tag="700" ind1="1" ind2="1">
   <subfield code="a">Mohd. Ariff Hussein </subfield>
  </datafield>
  <datafield tag="999" ind1=" " ind2=" ">
   <subfield code="a">1100023602</subfield>
   <subfield code="b">Book</subfield>
   <subfield code="c">Open Shelf</subfield>
   <subfield code="e">KOLEKSI TERBUKA</subfield>
  </datafield>
 </record>
</collection>
